[Event "DVM U16w 2021"]
[Site "Berlin GER"]
[Date "2022.05.01"]
[Round "4"]
[White "Haug, Mara"]
[Black "Voigt, Anastasia"]
[Result "0-1"]
[Termination "normal"]
[Board "1.2"]
[WhiteElo "1394"]
[BlackElo "1630"]
[WhiteClock "01:02:51"]
[BlackClock "00:26:17"]
[WhiteTeam "Karlsruher SF 1853"]
[BlackTeam "USV Halle"]
[PlyCount "162"]
[WhiteFideId "16259300"]
[BlackFideId "16235223"]
[EventCountry "GER"]
[EventRounds "7"]
[EventType "team-swiss"]
[EventDate "2022.04.29"]

1. e4 {[%clk 1:30:57]} e5 {[%clk 1:30:56]} 2. Nc3 {[%clk 1:31:23]} Nf6 {[%clk
1:28:25]} 3. g3 {[%clk 1:31:48]} Be7 {[%clk 1:27:44]} 4. Bg2 {[%clk 1:32:04]}
O-O {[%clk 1:27:43]} 5. Nge2 {[%clk 1:32:28]} d6 {[%clk 1:27:01]} 6. h3 {[%clk
1:32:48]} c6 {[%clk 1:21:29]} 7. O-O {[%clk 1:32:11]} d5 {[%clk 1:17:24]} 8.
exd5 {[%clk 1:31:56]} cxd5 {[%clk 1:17:45]} 9. d4 {[%clk 1:31:56]} exd4 {[%clk
1:15:53]} 10. Nxd4 {[%clk 1:31:50]} Nc6 {[%clk 1:15:45]} 11. Kh2 {[%clk
1:29:28]} h6 {[%clk 1:14:14]} 12. Be3 {[%clk 1:26:39]} Ne5 {[%clk 1:07:09]} 13.
b3 {[%clk 1:18:34]} a6 {[%clk 0:58:32]} 14. Nde2 {[%clk 1:16:06]} Be6 {[%clk
0:42:22]} 15. f4 {[%clk 1:15:36]} Neg4+ {[%clk 0:41:50]} 16. hxg4 {[%clk
1:13:24]} Nxg4+ {[%clk 0:42:12]} 17. Kh1 {[%clk 1:12:52]} Nxe3 {[%clk 0:42:33]}
18. Qd3 {[%clk 1:12:42]} Nxf1 {[%clk 0:41:50]} 19. Rxf1 {[%clk 1:12:13]} Rc8
{[%clk 0:33:40]} 20. f5 {[%clk 1:09:40]} Bd7 {[%clk 0:33:58]} 21. Nxd5 {[%clk
1:08:19]} Bb5 {[%clk 0:31:09]} 22. c4 {[%clk 1:06:27]} Bc6 {[%clk 0:28:55]} 23.
Nef4 {[%clk 1:04:21]} Bd6 {[%clk 0:25:21]} 24. f6 {[%clk 0:57:51]} Bxf4 {[%clk
0:10:21]} 25. Rxf4 {[%clk 0:53:57]} Bxd5 {[%clk 0:09:25]} 26. Bxd5 {[%clk
0:54:23]} Rc6 {[%clk 0:03:33]} 27. Rd4 {[%clk 0:45:26]} Qxf6 {[%clk 0:03:53]}
28. Bxc6 {[%clk 0:45:48]} Qxc6+ {[%clk 0:04:18]} 29. Kh2 {[%clk 0:45:14]} Qf6
{[%clk 0:04:13]} 30. Qd2 {[%clk 0:44:40]} Re8 {[%clk 0:04:04]} 31. Rf4 {[%clk
0:43:18]} Qe6 {[%clk 0:04:14]} 32. Qg2 {[%clk 0:42:21]} Qe2 {[%clk 0:04:04]}
33. Rf2 {[%clk 0:41:47]} Qh5+ {[%clk 0:04:29]} 34. Qh3 {[%clk 0:42:00]} Qxh3+
{[%clk 0:04:45]} 35. Kxh3 {[%clk 0:42:29]} Kf8 {[%clk 0:04:48]} 36. Kg4 {[%clk
0:41:36]} Re6 {[%clk 0:04:52]} 37. Rd2 {[%clk 0:39:53]} Ke7 {[%clk 0:04:48]}
38. Kf5 {[%clk 0:38:59]} Rf6+ {[%clk 0:04:10]} 39. Ke4 {[%clk 0:38:44]} Re6+
{[%clk 0:04:00]} 40. Kf5 {[%clk 0:38:55]} g6+ {[%clk 0:02:39]} 41. Kf4 {[%clk
0:39:09]} b6 {[%clk 0:29:23]} 42. Kf3 {[%clk 1:06:55]} f6 {[%clk 0:27:23]} 43.
g4 {[%clk 1:04:30]} Re5 {[%clk 0:26:18]} 44. Rh2 {[%clk 1:03:12]} h5 {[%clk
0:25:35]} 45. Rh4 {[%clk 1:01:23]} hxg4+ {[%clk 0:25:51]} 46. Rxg4 {[%clk
1:00:26]} g5 {[%clk 0:25:34]} 47. Rg3 {[%clk 1:00:22]} Kd6 {[%clk 0:25:43]} 48.
Rh3 {[%clk 1:00:02]} Kc5 {[%clk 0:24:49]} 49. Rh6 {[%clk 0:59:59]} Re1 {[%clk
0:24:45]} 50. Kg4 {[%clk 0:59:50]} Rf1 {[%clk 0:24:38]} 51. Rh8 {[%clk
0:59:58]} Rf4+ {[%clk 0:24:18]} 52. Kg3 {[%clk 1:00:18]} Rf5 {[%clk 0:22:38]}
53. Ra8 {[%clk 0:59:57]} a5 {[%clk 0:22:37]} 54. Rc8+ {[%clk 0:59:43]} Kb4
{[%clk 0:22:29]} 55. Rb8 {[%clk 0:59:27]} Kc5 {[%clk 0:21:05]} 56. Rc8+ {[%clk
0:59:47]} Kd6 {[%clk 0:21:22]} 57. Rd8+ {[%clk 0:59:40]} Kc7 {[%clk 0:21:07]}
58. Rf8 {[%clk 0:59:27]} Rf4 {[%clk 0:20:46]} 59. Rg8 {[%clk 0:59:39]} Re4
{[%clk 0:20:39]} 60. Kf3 {[%clk 0:59:37]} Re6 {[%clk 0:20:57]} 61. Rg6 {[%clk
0:58:45]} Kc6 {[%clk 0:21:11]} 62. Rg8 {[%clk 0:57:45]} Kc5 {[%clk 0:21:31]}
63. a3 {[%clk 0:57:29]} Kd4 {[%clk 0:21:46]} 64. Rc8 {[%clk 0:56:46]} Re3+
{[%clk 0:21:09]} 65. Kf2 {[%clk 0:56:42]} Rxb3 {[%clk 0:21:33]} 66. Rc6 {[%clk
0:57:03]} f5 {[%clk 0:21:48]} 67. Rf6 {[%clk 0:57:24]} f4 {[%clk 0:21:23]} 68.
Rf5 {[%clk 0:57:50]} Kxc4 {[%clk 0:21:45]} 69. Rxg5 {[%clk 0:58:14]} Rxa3
{[%clk 0:22:02]} 70. Rg4 {[%clk 0:58:39]} Rd3 {[%clk 0:22:01]} 71. Rxf4+ {[%clk
0:58:59]} Rd4 {[%clk 0:22:26]} 72. Rf6 {[%clk 0:59:27]} b5 {[%clk 0:22:51]} 73.
Rc6+ {[%clk 0:59:53]} Kb4 {[%clk 0:23:09]} 74. Ke3 {[%clk 1:00:17]} Rd8 {[%clk
0:23:30]} 75. Rc1 {[%clk 1:00:27]} a4 {[%clk 0:23:53]} 76. Rb1+ {[%clk
1:00:53]} Ka5 {[%clk 0:24:06]} 77. Rc1 {[%clk 1:01:16]} a3 {[%clk 0:24:32]} 78.
Ra1 {[%clk 1:01:43]} b4 {[%clk 0:24:59]} 79. Ra2 {[%clk 1:02:07]} Ka4 {[%clk
0:25:25]} 80. Ra1 {[%clk 1:02:30]} b3 {[%clk 0:25:51]} 81. Rc1 {[%clk 1:02:51]}
b2 {[%clk 0:26:17]} 0-1

[Event "DVM U16w 2021"]
[Site "Berlin GER"]
[Date "2022.05.01"]
[Round "4"]
[White "Stowicek, Yara Mathilda"]
[Black "Kuran, Olivia"]
[Result "1-0"]
[Termination "normal"]
[Board "1.3"]
[WhiteElo "1771"]
[BlackElo "1080"]
[WhiteClock "01:11:16"]
[BlackClock "00:20:29"]
[WhiteTeam "USV Halle"]
[BlackTeam "Karlsruher SF 1853"]
[PlyCount "101"]
[WhiteFideId "16203569"]
[BlackFideId "16279670"]
[EventCountry "GER"]
[EventRounds "7"]
[EventType "team-swiss"]
[EventDate "2022.04.29"]

1. e4 {[%clk 1:30:58]} e5 {[%clk 1:30:53]} 2. Bc4 {[%clk 1:31:22]} Nf6 {[%clk
1:31:04]} 3. Nf3 {[%clk 1:31:42]} Bd6 {[%clk 1:29:09]} 4. d3 {[%clk 1:31:36]}
O-O {[%clk 1:28:20]} 5. c3 {[%clk 1:31:23]} Nc6 {[%clk 1:26:03]} 6. Nbd2 {[%clk
1:27:31]} Bc5 {[%clk 1:21:05]} 7. O-O {[%clk 1:26:42]} d6 {[%clk 1:19:47]} 8.
h3 {[%clk 1:26:01]} Re8 {[%clk 1:14:43]} 9. a4 {[%clk 1:25:24]} Bb6 {[%clk
1:10:00]} 10. Bb3 {[%clk 1:25:01]} a6 {[%clk 1:06:35]} 11. Re1 {[%clk 1:24:44]}
Ne7 {[%clk 1:06:25]} 12. Ng5 {[%clk 1:22:13]} Rf8 {[%clk 1:02:01]} 13. Nf1
{[%clk 1:19:00]} Ng6 {[%clk 0:58:02]} 14. Ng3 {[%clk 1:18:37]} h6 {[%clk
0:57:06]} 15. Nf3 {[%clk 1:18:46]} Be6 {[%clk 0:53:54]} 16. Be3 {[%clk
1:17:16]} Bxb3 {[%clk 0:51:34]} 17. Qxb3 {[%clk 1:17:33]} Bxe3 {[%clk 0:47:48]}
18. fxe3 {[%clk 1:17:48]} Rb8 {[%clk 0:46:24]} 19. Nf5 {[%clk 1:16:15]} Re8
{[%clk 0:39:23]} 20. g4 {[%clk 1:15:19]} Nh7 {[%clk 0:34:33]} 21. Rf1 {[%clk
1:12:32]} Ng5 {[%clk 0:31:37]} 22. Kh2 {[%clk 1:11:50]} Rf8 {[%clk 0:27:56]}
23. Rf2 {[%clk 1:10:52]} Nxf3+ {[%clk 0:26:00]} 24. Rxf3 {[%clk 1:09:04]} Nh4
{[%clk 0:19:48]} 25. Nxh4 {[%clk 1:06:58]} Qxh4 {[%clk 0:20:02]} 26. Raf1
{[%clk 1:07:23]} Qe7 {[%clk 0:19:04]} 27. Kg3 {[%clk 1:07:01]} b6 {[%clk
0:16:54]} 28. Qd5 {[%clk 1:04:46]} Qd7 {[%clk 0:14:37]} 29. Ra1 {[%clk
1:00:09]} b5 {[%clk 0:11:17]} 30. axb5 {[%clk 0:53:43]} Qxb5 {[%clk 0:09:53]}
31. Qxb5 {[%clk 0:53:16]} Rxb5 32. b4 {[%clk 0:52:02]} Ra8 {[%clk 0:09:57]} 33.
Rf2 {[%clk 0:52:15]} Rb7 {[%clk 0:09:10]} 34. Rfa2 {[%clk 0:52:17]} Rba7 {[%clk
0:08:23]} 35. Ra5 {[%clk 0:52:20]} c6 {[%clk 0:05:58]} 36. c4 {[%clk 0:52:30]}
Rb7 {[%clk 0:04:40]} 37. Rxa6 {[%clk 0:51:54]} Rxa6 {[%clk 0:05:03]} 38. Rxa6
{[%clk 0:52:20]} c5 {[%clk 0:03:05]} 39. b5 {[%clk 0:51:10]} Rd7 {[%clk
0:02:16]} 40. Kf2 {[%clk 0:48:29]} Kh7 {[%clk 0:01:48]} 41. Rc6 {[%clk
0:45:54]} Kg6 {[%clk 0:00:33]} 42. b6 {[%clk 0:43:43]} f6 {[%clk 0:29:32]} 43.
Rc7 {[%clk 1:13:55]} Rd8 {[%clk 0:29:10]} 44. b7 {[%clk 1:13:31]} Rb8 {[%clk
0:25:01]} 45. Rd7 {[%clk 1:13:19]} Kh7 {[%clk 0:25:06]} 46. h4 {[%clk 1:11:11]}
Kg6 {[%clk 0:24:15]} 47. h5+ {[%clk 1:09:46]} Kh7 {[%clk 0:23:49]} 48. Rc7
{[%clk 1:10:05]} Rxb7 {[%clk 0:21:10]} 49. Rxb7 {[%clk 1:10:28]} Kg8 {[%clk
0:20:57]} 50. Rd7 {[%clk 1:10:51]} Kf8 {[%clk 0:20:29]} 51. Rxd6 {[%clk
1:11:16]} 1-0

[Event "DVM U16w 2021"]
[Site "Berlin GER"]
[Date "2022.05.01"]
[Round "4"]
[White "Gietzelt, Magdalena"]
[Black "Derling, Charlotte"]
[Result "0-1"]
[Termination "normal"]
[Board "1.4"]
[WhiteElo "1014"]
[BlackElo "1464"]
[WhiteClock "00:13:30"]
[BlackClock "00:06:46"]
[WhiteTeam "Karlsruher SF 1853"]
[BlackTeam "USV Halle"]
[PlyCount "64"]
[WhiteFideId "16298403"]
[BlackFideId "16222237"]
[EventCountry "GER"]
[EventRounds "7"]
[EventType "team-swiss"]
[EventDate "2022.04.29"]

1. e4 {[%clk 1:30:59]} c5 {[%clk 1:30:52]} 2. Nf3 {[%clk 1:31:15]} d6 {[%clk
1:31:07]} 3. d4 {[%clk 1:31:05]} cxd4 {[%clk 1:31:25]} 4. Nxd4 {[%clk 1:31:13]}
Nf6 {[%clk 1:31:45]} 5. Nc3 {[%clk 1:30:58]} g6 {[%clk 1:31:51]} 6. Be3 {[%clk
1:30:43]} Bg7 {[%clk 1:31:46]} 7. Qd2 {[%clk 1:29:45]} Ng4 {[%clk 1:24:33]} 8.
Bg5 {[%clk 1:27:18]} Qb6 {[%clk 1:11:26]} 9. Nb3 {[%clk 1:20:37]} Be6 {[%clk
1:04:16]} 10. f3 {[%clk 1:16:49]} Nf6 {[%clk 1:03:13]} 11. Be3 {[%clk 1:12:53]}
Qd8 {[%clk 0:59:44]} 12. O-O-O {[%clk 1:12:27]} Nc6 {[%clk 0:58:45]} 13. Bh6
{[%clk 1:07:29]} O-O {[%clk 0:58:15]} 14. Bxg7 {[%clk 1:04:09]} Kxg7 {[%clk
0:58:37]} 15. Qf4 {[%clk 1:02:11]} a5 {[%clk 0:55:12]} 16. g4 {[%clk 0:53:21]}
a4 {[%clk 0:52:17]} 17. Nc5 {[%clk 0:48:54]} a3 {[%clk 0:49:09]} 18. b3 {[%clk
0:48:42]} Qa5 {[%clk 0:43:19]} 19. N5a4 {[%clk 0:46:44]} Na7 {[%clk 0:39:04]}
20. Qe3 {[%clk 0:41:28]} b5 {[%clk 0:33:47]} 21. Nb6 {[%clk 0:40:19]} Rab8
{[%clk 0:31:48]} 22. Nbd5 {[%clk 0:39:44]} Rfc8 {[%clk 0:25:27]} 23. b4 {[%clk
0:36:13]} Qa6 {[%clk 0:22:22]} 24. e5 {[%clk 0:33:45]} Nxd5 {[%clk 0:18:34]}
25. Nxd5 {[%clk 0:32:52]} Qc6 {[%clk 0:16:53]} 26. Qb3 {[%clk 0:29:49]} dxe5
{[%clk 0:14:25]} 27. Bg2 {[%clk 0:24:19]} Rd8 {[%clk 0:12:49]} 28. Qxa3 {[%clk
0:19:17]} Bxd5 {[%clk 0:10:56]} 29. Qxa7 {[%clk 0:18:49]} Rbc8 {[%clk 0:07:25]}
30. Rd2 {[%clk 0:17:04]} Qc3 {[%clk 0:06:47]} 31. Kd1 {[%clk 0:16:21]} Bxf3+
{[%clk 0:06:46]} 32. Bxf3 {[%clk 0:13:30]} Qxd2# 0-1

[Event "DVM U16w 2021"]
[Site "Berlin GER"]
[Date "2022.05.01"]
[Round "4"]
[White "Pikki, Daria"]
[Black "Orlova, Alicia"]
[Result "0-1"]
[Termination "normal"]
[Board "2.1"]
[WhiteElo "1523"]
[BlackElo "1723"]
[WhiteClock "00:01:20"]
[BlackClock "00:09:20"]
[WhiteTeam "SV Königsjäger Süd-West e.V."]
[BlackTeam "Schachgemeinschaft Porz e. V. 1"]
[PlyCount "66"]
[WhiteFideId "16281306"]
[BlackFideId "34154563"]
[EventCountry "GER"]
[EventRounds "7"]
[EventType "team-swiss"]
[EventDate "2022.04.29"]

1. d4 {[%clk 1:30:59]} d5 {[%clk 1:30:52]} 2. c4 {[%clk 1:31:24]} c6 {[%clk
1:31:16]} 3. cxd5 {[%clk 1:31:45]} cxd5 {[%clk 1:31:38]} 4. Nc3 {[%clk
1:32:04]} Nf6 {[%clk 1:31:39]} 5. Bf4 {[%clk 1:32:15]} a6 {[%clk 1:29:18]} 6.
e3 {[%clk 1:32:02]} e6 {[%clk 1:27:45]} 7. Bd3 {[%clk 1:31:46]} Bd6 {[%clk
1:26:46]} 8. Bxd6 {[%clk 1:30:57]} Qxd6 {[%clk 1:26:55]} 9. f4 {[%clk 1:31:05]}
b5 {[%clk 1:20:57]} 10. Qc2 {[%clk 1:25:26]} Nc6 {[%clk 1:16:40]} 11. a3 {[%clk
1:23:51]} Bb7 {[%clk 1:15:03]} 12. Nf3 {[%clk 1:22:30]} Rc8 {[%clk 1:08:41]}
13. b4 {[%clk 1:13:19]} Nd7 {[%clk 1:06:43]} 14. O-O {[%clk 1:10:46]} Nb6
{[%clk 1:04:00]} 15. Ne5 {[%clk 1:04:50]} Qe7 {[%clk 0:55:02]} 16. Qb3 {[%clk
0:57:42]} Nc4 {[%clk 0:50:24]} 17. Rfe1 {[%clk 0:55:49]} N6xe5 {[%clk 0:48:16]}
18. fxe5 {[%clk 0:54:09]} Qg5 {[%clk 0:46:28]} 19. e4 {[%clk 0:46:46]} Nd2
{[%clk 0:45:10]} 20. Qb2 {[%clk 0:42:12]} Nf3+ {[%clk 0:44:06]} 21. Kh1 {[%clk
0:41:36]} Nxe1 {[%clk 0:43:47]} 22. Rxe1 {[%clk 0:41:51]} O-O {[%clk 0:40:36]}
23. exd5 {[%clk 0:38:59]} Bxd5 {[%clk 0:40:10]} 24. Nxd5 {[%clk 0:36:10]} exd5
{[%clk 0:40:26]} 25. h3 {[%clk 0:34:24]} Rc6 {[%clk 0:35:58]} 26. Bc2 {[%clk
0:29:40]} Rfc8 {[%clk 0:32:32]} 27. Re2 {[%clk 0:22:39]} g6 {[%clk 0:29:16]}
28. Rf2 {[%clk 0:17:55]} Qg3 {[%clk 0:23:51]} 29. Bd1 {[%clk 0:14:56]} Rc1
{[%clk 0:22:26]} 30. Rf1 {[%clk 0:09:49]} Qe3 {[%clk 0:12:30]} 31. Kh2 {[%clk
0:06:01]} R8c2 {[%clk 0:09:08]} 32. Bxc2 {[%clk 0:01:34]} Rxf1 {[%clk 0:09:12]}
33. a4 {[%clk 0:01:20]} Qf4+ {[%clk 0:09:20]} 0-1

[Event "DVM U16w 2021"]
[Site "Berlin GER"]
[Date "2022.05.01"]
[Round "4"]
[White "Ramien, Hannah"]
[Black "Sohr, Luna"]
[Result "0-1"]
[Termination "normal"]
[Board "2.2"]
[WhiteElo "1338"]
[BlackElo "1335"]
[WhiteClock "00:21:53"]
[BlackClock "00:24:22"]
[WhiteTeam "Schachgemeinschaft Porz e. V. 1"]
[BlackTeam "SV Königsjäger Süd-West e.V."]
[PlyCount "86"]
[WhiteFideId "16209982"]
[BlackFideId "16251261"]
[EventCountry "GER"]
[EventRounds "7"]
[EventType "team-swiss"]
[EventDate "2022.04.29"]

1. e4 {[%clk 1:30:59]} e5 {[%clk 1:30:55]} 2. Nf3 {[%clk 1:31:25]} Nc6 {[%clk
1:31:22]} 3. Bc4 {[%clk 1:31:49]} Bc5 {[%clk 1:31:46]} 4. c3 {[%clk 1:32:15]}
Nf6 {[%clk 1:32:09]} 5. d3 {[%clk 1:32:41]} d6 {[%clk 1:32:19]} 6. Nbd2 {[%clk
1:33:02]} a6 {[%clk 1:31:40]} 7. Bb3 {[%clk 1:33:22]} Ba7 {[%clk 1:31:04]} 8.
Nf1 {[%clk 1:33:38]} h6 {[%clk 1:30:43]} 9. Ng3 {[%clk 1:33:02]} O-O {[%clk
1:29:23]} 10. O-O {[%clk 1:33:11]} Ne7 {[%clk 1:25:58]} 11. h3 {[%clk 1:30:29]}
Ng6 {[%clk 1:24:30]} 12. Nf5 {[%clk 1:28:48]} d5 {[%clk 1:19:55]} 13. Qe2
{[%clk 1:23:54]} Nf4 {[%clk 1:13:18]} 14. Bxf4 {[%clk 1:20:48]} exf4 {[%clk
1:12:53]} 15. N3h4 {[%clk 1:11:02]} Kh7 {[%clk 1:01:46]} 16. exd5 {[%clk
0:46:05]} g6 {[%clk 0:51:03]} 17. Nd4 {[%clk 0:35:09]} Bxd4 {[%clk 0:48:33]}
18. cxd4 {[%clk 0:35:14]} Nxd5 {[%clk 0:35:39]} 19. Qe4 {[%clk 0:24:29]} Qxh4
{[%clk 0:32:33]} 20. Bxd5 {[%clk 0:23:58]} c6 {[%clk 0:27:45]} 21. Bb3 {[%clk
0:22:37]} Bf5 {[%clk 0:21:55]} 22. Qf3 {[%clk 0:22:29]} Be6 {[%clk 0:18:37]}
23. Bc4 {[%clk 0:21:44]} Rad8 {[%clk 0:16:49]} 24. Bxe6 {[%clk 0:16:29]} fxe6
{[%clk 0:17:01]} 25. Rfe1 {[%clk 0:15:04]} Qf6 {[%clk 0:15:42]} 26. Qe4 {[%clk
0:12:55]} Rfe8 {[%clk 0:14:34]} 27. Qe5 {[%clk 0:06:16]} Qxe5 {[%clk 0:14:20]}
28. Rxe5 {[%clk 0:06:44]} Rxd4 {[%clk 0:14:02]} 29. Rae1 {[%clk 0:04:19]} Rd6
{[%clk 0:12:15]} 30. R1e4 {[%clk 0:03:39]} g5 {[%clk 0:11:21]} 31. Rb4 {[%clk
0:03:29]} Re7 {[%clk 0:11:01]} 32. Rbe4 {[%clk 0:03:18]} Kg6 {[%clk 0:10:28]}
33. Kf1 {[%clk 0:03:20]} Kf6 {[%clk 0:09:49]} 34. Ke2 {[%clk 0:03:44]} Rd5
{[%clk 0:09:00]} 35. d4 {[%clk 0:03:06]} Rxe5 {[%clk 0:08:17]} 36. Rxe5 {[%clk
0:03:32]} Rd7 {[%clk 0:08:14]} 37. Kd3 {[%clk 0:03:50]} Rd5 {[%clk 0:07:08]}
38. Ke4 {[%clk 0:04:11]} Rxe5+ {[%clk 0:03:14]} 39. dxe5+ {[%clk 0:04:39]} Kg6
{[%clk 0:02:59]} 40. g4 {[%clk 0:01:27]} fxg3 {[%clk 0:02:24]} 41. fxg3 {[%clk
0:30:07]} g4 {[%clk 0:25:41]} 42. hxg4 {[%clk 0:21:29]} Kg5 {[%clk 0:25:04]}
43. Kf3 {[%clk 0:21:53]} c5 {[%clk 0:24:22]} 0-1

[Event "DVM U16w 2021"]
[Site "Berlin GER"]
[Date "2022.05.01"]
[Round "4"]
[White "Schmidt, Luise"]
[Black "Sinner, Joselyne"]
[Result "0-1"]
[Termination "normal"]
[Board "2.3"]
[WhiteElo "1420"]
[BlackElo "1431"]
[WhiteClock "00:27:34"]
[BlackClock "00:27:51"]
[WhiteTeam "SV Königsjäger Süd-West e.V."]
[BlackTeam "Schachgemeinschaft Porz e. V. 1"]
[PlyCount "94"]
[WhiteFideId "16294475"]
[BlackFideId "16210387"]
[EventCountry "GER"]
[EventRounds "7"]
[EventType "team-swiss"]
[EventDate "2022.04.29"]

1. e4 {[%clk 1:30:58]} e5 {[%clk 1:30:57]} 2. Nf3 {[%clk 1:31:20]} Nc6 {[%clk
1:31:23]} 3. Nc3 {[%clk 1:31:45]} Nf6 {[%clk 1:31:48]} 4. d4 {[%clk 1:32:09]}
exd4 {[%clk 1:32:14]} 5. Nxd4 {[%clk 1:32:33]} Bb4 {[%clk 1:32:40]} 6. Nxc6
{[%clk 1:32:57]} bxc6 7. Bd3 {[%clk 1:33:15]} d5 {[%clk 1:33:25]} 8. exd5
{[%clk 1:33:40]} cxd5 {[%clk 1:33:49]} 9. O-O {[%clk 1:33:48]} O-O {[%clk
1:33:56]} 10. h3 {[%clk 1:34:01]} Re8 {[%clk 1:33:55]} 11. Qf3 {[%clk 1:33:40]}
c6 {[%clk 1:33:28]} 12. Ne2 {[%clk 1:31:32]} Bd6 {[%clk 1:30:57]} 13. Bf4
{[%clk 1:31:42]} c5 {[%clk 1:26:04]} 14. c4 {[%clk 1:25:22]} Rb8 {[%clk
1:16:10]} 15. b3 {[%clk 1:22:08]} Bb7 {[%clk 1:10:12]} 16. Qg3 {[%clk 0:58:05]}
Nh5 {[%clk 0:54:20]} 17. Qg4 {[%clk 0:52:49]} Nxf4 {[%clk 0:49:39]} 18. Nxf4
{[%clk 0:52:59]} dxc4 {[%clk 0:48:06]} 19. Bxc4 {[%clk 0:52:03]} Re4 {[%clk
0:46:53]} 20. g3 {[%clk 0:37:22]} Bxf4 {[%clk 0:33:20]} 21. gxf4 {[%clk
0:35:52]} Qf6 {[%clk 0:29:37]} 22. Qg3 {[%clk 0:34:09]} Qxf4 {[%clk 0:23:03]}
23. Rad1 {[%clk 0:31:46]} Qxg3+ {[%clk 0:11:48]} 24. fxg3 {[%clk 0:32:08]} Re7
{[%clk 0:11:29]} 25. Rf5 {[%clk 0:31:02]} Rc8 {[%clk 0:09:44]} 26. Rdf1 {[%clk
0:29:45]} Rcc7 {[%clk 0:09:21]} 27. Rd1 {[%clk 0:25:10]} Kf8 {[%clk 0:06:12]}
28. Bb5 {[%clk 0:17:49]} g6 {[%clk 0:02:47]} 29. Rf4 {[%clk 0:12:36]} Re4
{[%clk 0:01:48]} 30. Rdf1 {[%clk 0:10:04]} Rxf4 31. Rxf4 {[%clk 0:10:33]} Bd5
{[%clk 0:01:33]} 32. Rf6 {[%clk 0:09:33]} Kg7 {[%clk 0:01:19]} 33. Rd6 {[%clk
0:09:33]} Be6 {[%clk 0:01:05]} 34. h4 {[%clk 0:03:22]} Rb7 {[%clk 0:00:59]} 35.
Bc6 {[%clk 0:03:18]} Rb6 {[%clk 0:01:08]} 36. Kf2 {[%clk 0:02:53]} Kf6 {[%clk
0:01:06]} 37. Ke3 {[%clk 0:02:20]} Ke5 {[%clk 0:01:07]} 38. Rxe6+ {[%clk
0:01:54]} fxe6 {[%clk 0:00:45]} 39. Be4 {[%clk 0:02:09]} Rd6 {[%clk 0:00:49]}
40. Bf3 {[%clk 0:01:53]} Rd4 {[%clk 0:00:41]} 41. a3 {[%clk 0:00:47]} Kf6
{[%clk 0:00:31]} 42. Be4 {[%clk 0:00:31]} Ke5 {[%clk 0:00:44]} 43. Bf3 {[%clk
0:00:37]} Kf5 {[%clk 0:01:03]} 44. Ke2 {[%clk 0:30:01]} e5 {[%clk 0:30:40]} 45.
Ke3 {[%clk 0:28:40]} c4 {[%clk 0:27:48]} 46. bxc4 {[%clk 0:28:40]} Rxc4 {[%clk
0:28:03]} 47. Kd2 {[%clk 0:27:34]} Ra4 {[%clk 0:27:51]} 0-1

[Event "DVM U16w 2021"]
[Site "Berlin GER"]
[Date "2022.05.01"]
[Round "4"]
[White "Brandt, Greta"]
[Black "Altuve Medina, Victoria Isabella"]
[Result "0-1"]
[Termination "normal"]
[Board "2.4"]
[WhiteElo "1458"]
[BlackElo "1221"]
[WhiteClock "00:13:03"]
[BlackClock "00:22:49"]
[WhiteTeam "Schachgemeinschaft Porz e. V. 1"]
[BlackTeam "SV Königsjäger Süd-West e.V."]
[PlyCount "98"]
[WhiteFideId "34605860"]
[BlackFideId "3935639"]
[EventCountry "GER"]
[EventRounds "7"]
[EventType "team-swiss"]
[EventDate "2022.04.29"]

1. c4 {[%clk 1:30:57]} e5 {[%clk 1:30:41]} 2. Nc3 {[%clk 1:31:17]} Nc6 {[%clk
1:26:52]} 3. g3 {[%clk 1:30:52]} Nf6 {[%clk 1:20:54]} 4. Bg2 {[%clk 1:29:08]}
d6 {[%clk 1:20:44]} 5. e4 {[%clk 1:27:10]} Be7 {[%clk 1:10:07]} 6. Nge2 {[%clk
1:23:31]} Be6 {[%clk 1:07:03]} 7. Nd5 {[%clk 1:18:32]} O-O {[%clk 1:05:11]} 8.
d3 {[%clk 1:16:06]} h6 {[%clk 1:02:27]} 9. O-O {[%clk 1:10:47]} Re8 {[%clk
0:53:45]} 10. f4 {[%clk 1:06:09]} exf4 {[%clk 0:50:21]} 11. gxf4 {[%clk
0:58:55]} Bg4 {[%clk 0:45:48]} 12. h3 {[%clk 0:53:52]} Bxe2 {[%clk 0:45:17]}
13. Qxe2 {[%clk 0:54:08]} Nxd5 {[%clk 0:44:09]} 14. cxd5 {[%clk 0:54:21]} Nd4
{[%clk 0:44:21]} 15. Qg4 {[%clk 0:50:32]} c6 {[%clk 0:33:46]} 16. dxc6 {[%clk
0:48:07]} bxc6 {[%clk 0:33:27]} 17. f5 {[%clk 0:46:41]} Bg5 {[%clk 0:33:03]}
18. Bxg5 {[%clk 0:46:36]} Qxg5 {[%clk 0:33:21]} 19. Qxg5 {[%clk 0:46:59]} hxg5
{[%clk 0:33:46]} 20. Rf2 {[%clk 0:43:48]} Rab8 {[%clk 0:32:05]} 21. Rc1 {[%clk
0:41:52]} c5 {[%clk 0:27:39]} 22. Kh2 {[%clk 0:38:17]} f6 {[%clk 0:27:15]} 23.
b3 {[%clk 0:36:36]} Kf7 {[%clk 0:27:01]} 24. Bf3 {[%clk 0:35:33]} Rh8 {[%clk
0:26:51]} 25. Kg3 {[%clk 0:31:42]} Nxf3 {[%clk 0:25:16]} 26. Rxf3 {[%clk
0:32:03]} Rh4 {[%clk 0:25:27]} 27. Kg2 {[%clk 0:30:40]} Rbh8 {[%clk 0:25:14]}
28. Rc4 {[%clk 0:26:57]} g4 {[%clk 0:23:41]} 29. hxg4 {[%clk 0:26:45]} Rh2+
{[%clk 0:23:31]} 30. Kg3 {[%clk 0:26:54]} Rxa2 {[%clk 0:23:43]} 31. Ra4 {[%clk
0:27:06]} Rhh2 {[%clk 0:23:27]} 32. Rxa2 {[%clk 0:25:31]} Rxa2 {[%clk 0:23:52]}
33. Rf2 {[%clk 0:25:53]} Ra3 {[%clk 0:22:47]} 34. Rb2 {[%clk 0:26:13]} a5
{[%clk 0:22:28]} 35. Kf4 {[%clk 0:23:16]} Ke7 {[%clk 0:22:31]} 36. Ke3 {[%clk
0:22:41]} Kd7 {[%clk 0:22:33]} 37. Kd2 {[%clk 0:21:10]} Kc6 {[%clk 0:22:34]}
38. Ke2 {[%clk 0:20:31]} Kb5 {[%clk 0:21:37]} 39. Kd2 {[%clk 0:20:48]} Ra1
{[%clk 0:21:57]} 40. Kc3 {[%clk 0:15:34]} Rg1 {[%clk 0:21:22]} 41. d4 {[%clk
0:15:42]} Rg3+ {[%clk 0:21:39]} 42. Kc2 {[%clk 0:15:10]} cxd4 {[%clk 0:21:59]}
43. Rb1 {[%clk 0:13:43]} Rc3+ {[%clk 0:20:47]} 44. Kd1 {[%clk 0:12:54]} Kb4
{[%clk 0:20:52]} 45. Kd2 {[%clk 0:12:48]} Rxb3 {[%clk 0:21:08]} 46. Rxb3+
{[%clk 0:12:38]} Kxb3 {[%clk 0:21:31]} 47. Kd3 {[%clk 0:12:38]} a4 {[%clk
0:21:57]} 48. Kxd4 {[%clk 0:12:58]} a3 {[%clk 0:22:22]} 49. Kd5 {[%clk
0:13:03]} a2 {[%clk 0:22:49]} 0-1